000 00682nam a2200181Ia 4500
008 151202s9999||||xx |||||||||||||| ||und||
082 _bPNVM-84146
100 _aकेतकर मीनाक्षी.
245 _aप्राण्यांच्या मजेदार कथा.
260 _bपरी प्रकाशन.
260 _c2013
300 _a108
600 _aकेतकर मीनाक्षी.
630 _aप्राण्यांच्या मजेदार कथा.
700 _aकेतकर मीनाक्षी.
730 _aप्राण्यांच्या मजेदार कथा.
942 _cBOOK
999 _c1348998
_d1348995